Polska Fizyczna - Wersja Trudna - Statystyki

Ogólne statystyki
  • Ten quiz został rozwiązany 30 razy
    25 od ostatniego zresetowania
  • Średni wynik to 47 z 83
Odpowiedzi na mapie
Odpowiedzi zakodowano w zielono-czerwonej skali na mapie do tego quizu, zgodnie z poniższymi procentami.
 
Statystyki odpowiedzi
Odpowiedź % Poprawnych
Bieszczady, Tarnica (1346 m n.p.m.)
86%
Jezioro Śniardwy
86%
Jezioro Solińskie
86%
Kanał Augustowski
86%
Kotlina Warszawska
86%
Brama Przemyska
79%
Jezioro Mamry
79%
Jezioro Wigry
79%
Kanał Elbląski
79%
Nysa Łużycka
79%
Pojezierze Lubuskie
79%
Wysoczyzna Elbląska
79%
Żuławy Wiślane
79%
Gorce, Turbacz (1310 m n.p.m.)
71%
Jezioro Koronowskie
71%
Łysogóry, Łysica (614 m n.p.m.)
71%
Pojezierze Leszczyńskie
71%
Wisłoka
71%
Wyżyna Białostocka
71%
Wyżyna Wołyńska
71%
Beskid Śląski, Skrzyczne (1257 m n.p.m.)
64%
Bóbr
64%
Góry Izerskie, Wysoka Kopa (1126 m n.p.m.)
64%
Góry Stołowe, Szczeliniec Wielki (919 m n.p.m.)
64%
Jezioro Druzno
64%
Jezioro Gopło
64%
Jezioro Jamno
64%
Jezioro Sulejowskie
64%
Kanał Bydgoski
64%
Karkonosze, Śnieżka (1603 m n.p.m.)
64%
Pojezierze Kaszubskie
64%
Polesie Zachodnie
64%
Wyżyna Krakowsko Częstochowska
64%
Dolina Dolnej Odry
57%
Jezioro Otmuchowskie
57%
Kanał Gliwicki
57%
Kotlina Oświęcimska
57%
Łyna
57%
Masyw Ślęży, Ślęża (718 m n.p.m.)
57%
Masyw Śnieżnika, Śnieżnik (1425 m n.p.m.)
57%
Pieniny, Wysokie Skałki (1050 m n.p.m.)
57%
Podlaski Przełom Bugu
57%
Pojezierze Chełmińskie
57%
Rega
57%
Roztocze
57%
Tatry Zachodnie, Bystra (2248 m n.p.m.)
57%
Wda
57%
Beskid Niski, Lackowa (997 m n.p.m.)
50%
Beskid Sądecki, Radziejowa (1266 m n.p.m.)
50%
Bzura
50%
Drwęca
50%
Góry Opawskie, Biskupia Kopa (890 m n.p.m.)
50%
Jezioro Dobczyckie
50%
Jezioro Jeziorsko
50%
Jezioro Rożnowskie
50%
Kanał Żerański
50%
Obra
50%
Wybrzeże Trzebiatowskie
50%
Wyżyna Śląska
50%
Beskid Żywiecki, Babia Góra (1725 m n.p.m.)
43%
Bystrzyca
43%
Gwda
43%
Jezioro Gardno
43%
Jezioro Hańcza
43%
Jezioro Jeziorak
43%
Jezioro Miedwie
43%
Kanał Notecki
43%
Kotlina Biebrzańska
43%
Krzna
43%
Nizina Sępopolska
43%
Omulew
43%
Wał Trzebnicki
43%
Barycz
36%
Brama Morawska
36%
Garb Lubawski
36%
Kamienna
36%
Niecka Nidziańska
36%
Zbiornik Goczałkowicki
36%
Jezioro Siemianowskie
29%
Prosna
29%
Wkra
29%
Wzgórza Szeskie
29%
Mała Panew
21%
Nie znaleziono quizów pasujących do podanych kryteriów
Rozkład punktacji
Procent ludzi z każdym wynikiem
Percentyl według liczby udzielonych odpowiedzi
Twoja historia wyników
Nie rozwiązałeś tego quizu od ostatniego zresetowania